[Event "Westerndorf St.Peter/Rosenheim"]
[Site "Westerndorf St.Peter/Rosenheim"]
[Date "2015.08.25"]
[Round "6.14"]
[White "Schewzow, Juri"]
[Black "Oberhofer, Cédric"]
[Result "1/2-1/2"]
[WhiteElo "1758"]
[BlackElo "2125"]
[PlyCount "86"]
[EventDate "2015.??.??"]
[WhiteTeam "SG Vogtareuth-Prutting"]
[BlackTeam "SC Bavaria Regensburg 1881"]

1. c4 e5 2. Nc3 Nf6 3. d3 d5 4. cxd5 Nxd5 5. g3 Be7 6. Bg2 Nb6 7. Nf3 Nc6 8.
O-O O-O 9. b3 Be6 10. Bb2 f5 11. e3 Bf6 12. Ne2 Nd5 13. d4 e4 14. Ne5 Bxe5 15.
dxe5 Qe7 16. Rc1 Rad8 17. Qc2 Ndb4 18. Ba3 a5 19. Nd4 Nxd4 20. exd4 c6 21. Qc3
Rd7 22. f3 exf3 23. Rxf3 Rfd8 24. Rd1 h5 25. Rf2 h4 26. Bf1 g6 27. Bc4 Bd5 28.
Bc1 Bxc4 29. bxc4 h3 30. Be3 Qe6 31. Rfd2 Na6 32. Bg5 Rc8 33. Bf6 Nc7 34. Qb3
b5 35. d5 cxd5 36. cxd5 Qb6+ 37. Kf1 a4 38. Qf3 Qb7 39. g4 b4 40. Kf2 Nxd5 41.
e6 Qb6+ 42. Kg3 Qc7+ 43. Kf2 Qb6+ 1/2-1/2

[Event "Westerndorf St.Peter/Rosenheim"]
[Site "Westerndorf St.Peter/Rosenheim"]
[Date "2015.08.25"]
[Round "6.15"]
[White "Häußler, Phillip"]
[Black "Prediger, Rupert"]
[Result "0-1"]
[WhiteElo "2105"]
[BlackElo "2279"]
[PlyCount "120"]
[EventDate "2015.??.??"]
[WhiteTeam "SK Bad Aibling"]
[BlackTeam "SG Pang-Rosenheim 1910"]

1. d4 c5 2. d5 d6 3. Nc3 g6 4. e4 Bg7 5. Bb5+ Nd7 6. a4 Ngf6 7. Nf3 O-O 8. O-O
Ne8 9. Bf4 Nc7 10. Bd3 b6 11. Qd2 a6 12. Bh6 Rb8 13. Bxg7 Kxg7 14. Qe2 Ne5 15.
Nxe5 dxe5 16. f4 Qd6 17. Qf2 exf4 18. Qxf4 Qxf4 19. Rxf4 Bb7 20. Rd1 Rbd8 21.
Bf1 e5 22. Rf2 f5 23. Bd3 f4 24. Rb1 a5 25. Bb5 g5 26. g3 Kf6 27. Re1 Rg8 28.
Nd1 Ke7 29. b3 Ne8 30. Bxe8 Rdxe8 31. Nb2 Ba6 32. c4 Bc8 33. Nd3 Kd6 34. Kg2
Bg4 35. h3 Bh5 36. g4 Bg6 37. Kf3 h5 38. Rh2 Re7 39. Nf2 Rh7 40. Reh1 Rgh8 41.
Kg2 Be8 42. Kg1 Bd7 43. Rg2 hxg4 44. Nxg4 Rxh3 45. Rxh3 Rxh3 46. Nf6 Rxb3 47.
Nxd7 Kxd7 48. Kh2 Rg3 49. Rb2 Kc7 50. d6+ Kc6 51. Rd2 Kd7 52. Rd5 g4 53. Rxe5
Kxd6 54. Rf5 Rh3+ 55. Kg2 f3+ 56. Kf2 Rh2+ 57. Kg1 Re2 58. Rf4 Rg2+ 59. Kh1 Re2
60. Rxg4 Re1+ 0-1

[Event "Westerndorf St.Peter/Rosenheim"]
[Site "Westerndorf St.Peter/Rosenheim"]
[Date "2015.08.25"]
[Round "6.16"]
[White "Basener, Winfried"]
[Black "Graf, Christian"]
[Result "1/2-1/2"]
[WhiteElo "2148"]
[BlackElo "2133"]
[PlyCount "130"]
[EventDate "2015.??.??"]
[WhiteTeam "SC Neuhausen 1908"]
[BlackTeam "SU Ebersberg-Grafing"]

1. d4 d5 2. Nf3 Nf6 3. c4 c6 4. cxd5 cxd5 5. Nc3 Nc6 6. Qb3 e6 7. Bg5 Be7 8. e3
h6 9. Bh4 a6 10. Rc1 Na5 11. Qc2 b5 12. Bd3 Bb7 13. O-O O-O 14. Qe2 Ne4 15.
Bxe7 Qxe7 16. Ne5 Rac8 17. Nb1 Rc7 18. f3 Nd6 19. b3 Rfc8 20. Qd2 Nc6 21. Nxc6
Rxc6 22. Rxc6 Rxc6 23. Rc1 Qc7 24. Rxc6 Qxc6 25. Qc3 Qxc3 26. Nxc3 Kf8 27. Kf2
Ke7 28. Ke2 Kd8 29. a3 Nc8 30. g3 Kc7 31. Kd2 Ne7 32. Ne2 Nc6 33. Kc3 Kb6 34.
b4 Ne7 35. Nc1 Nc8 36. Ne2 Nd6 37. f4 Nc4 38. Bxc4 dxc4 39. Kd2 Bd5 40. Nc3 f5
41. Ke2 Kc7 42. g4 g6 43. Kf2 Kd6 44. Kg3 Ke7 45. h4 Bc6 46. g5 h5 47. Kf2 Kd6
48. Ke2 Ke7 49. Kd2 Bf3 50. a4 Bc6 51. a5 Bf3 52. Na2 Kd6 53. Kc3 Bc6 54. Kd2
Bf3 55. Nc3 Ke7 56. Ke1 Kd6 57. Kf2 Bc6 58. Ne2 Ke7 59. Ke1 Bf3 60. Nc3 Kd6 61.
Kd2 Bc6 62. Ne2 Bf3 63. Ng3 Ke7 64. Kc2 Kd6 65. Kc3 Bc6 1/2-1/2

[Event "Westerndorf St.Peter/Rosenheim"]
[Site "Westerndorf St.Peter/Rosenheim"]
[Date "2015.08.25"]
[Round "6.17"]
[White "Kolb, Wolfgang"]
[Black "Kretschel, Klaus"]
[Result "0-1"]
[WhiteElo "2067"]
[BlackElo "2029"]
[PlyCount "152"]
[EventDate "2015.??.??"]
[WhiteTeam "SK Königsbrunn"]
[BlackTeam "TuS Fürstenfeldbruck"]

1. c4 Nf6 2. Nc3 c5 3. g3 e6 4. Bg2 Be7 5. e4 Nc6 6. Nge2 O-O 7. O-O e5 8. d3
d6 9. f4 Ne8 10. fxe5 dxe5 11. Nd5 Bg5 12. Nec3 Be6 13. Qh5 Bxc1 14. Raxc1 Qd7
15. Rf2 f6 16. Qe2 Nd4 17. Qe3 Kh8 18. b4 cxb4 19. Nxb4 b6 20. Nbd5 Nd6 21. Bf3
Nb7 22. Rb2 Nc5 23. Ne2 Nxe2+ 24. Bxe2 Qd6 25. Bf3 Bd7 26. Rd2 Rac8 27. Qe2 Ne6
28. Bg4 Nd4 29. Qd1 Bc6 30. Ne3 Qc5 31. Kg2 g6 32. Nd5 Kg7 33. Rb1 f5 34. Be2
g5 35. Rbb2 f4 36. gxf4 gxf4 37. Bf3 Kh8 38. Kh1 Rg8 39. Rg2 Qd6 40. Qf1 Qe6
41. Rxg8+ Rxg8 42. Rg2 Bd7 43. Rxg8+ Qxg8 44. Qg2 Qxg2+ 45. Kxg2 Kg7 46. Bh5
Ba4 47. Kf2 Bc2 48. Be2 Kf7 49. Ke1 Ba4 50. Kd2 Bd7 51. Bh5+ Kg7 52. Nc3 Kh6
53. Bd1 Kg5 54. Ke1 Bg4 55. Kf2 Bxd1 56. Nxd1 Kg4 57. Nc3 Kh3 58. Nb5 Nc6 59.
Kg1 h5 60. a3 f3 61. Kf2 Kxh2 62. Kxf3 Kh3 63. Nd6 Nd4+ 64. Kf2 Kg4 65. Nf7 Kf4
66. Kg2 Nc6 67. Kf2 h4 68. Nd6 h3 69. Nf5 Nd8 70. Kg1 Nf7 71. Kh2 Ng5 72. Ne7
Kg4 73. Nc6 Nf3+ 74. Kh1 Kg3 75. Nxa7 Ne1 76. Nc6 Nxd3 0-1

[Event "Westerndorf St.Peter/Rosenheim"]
[Site "Westerndorf St.Peter/Rosenheim"]
[Date "2015.08.26"]
[Round "7.1"]
[White "Großhans, Ralf-Michael"]
[Black "Knoblauch, Leonhard"]
[Result "0-1"]
[WhiteElo "2135"]
[BlackElo "2136"]
[PlyCount "108"]
[EventDate "2015.??.??"]
[WhiteTeam "SK Weidhausen 1989"]
[BlackTeam "SV Ilmmünster"]

1. e4 c6 2. d3 d5 3. Nd2 e5 4. Ngf3 Bd6 5. d4 exd4 6. exd5 Nf6 7. dxc6 Nxc6 8.
Be2 O-O 9. O-O Bf5 10. Nb3 Qc7 11. h3 Nb4 12. Nbxd4 Bxc2 13. Nxc2 Nxc2 14. Bg5
Nxa1 15. Bxf6 gxf6 16. Bd3 Kh8 17. Qa4 Rg8 18. Qh4 Rg7 19. Nd4 Bh2+ 20. Kh1 Qf4
21. Qxf4 Bxf4 22. Nf5 Rd8 23. Be4 Rgg8 24. g3 Rge8 25. f3 Be5 26. Rxa1 Rd2 27.
Rc1 Red8 28. Bxb7 Rd1+ 29. Rxd1 Rxd1+ 30. Kg2 Rd2+ 31. Kf1 Rxb2 32. Bd5 Kg8 33.
Nh6+ Kg7 34. Nf5+ Kf8 35. f4 Bc7 36. Nh6 Rd2 37. Bc4 Bb6 38. h4 Rf2+ 39. Ke1
Rg2 40. Nf5 Bc5 41. Kf1 Rb2 42. Bb3 a5 43. Ke1 Rf2 44. Kd1 Bb4 45. Kc1 Rf1+ 46.
Kc2 Rg1 47. Kd3 Be1 48. Ke4 Bxg3 49. Kf3 Be1 50. h5 Rf1+ 51. Ke3 Rh1 52. Bd1
Bf2+ 53. Kd2 Ba7 54. Be2 Rh3 0-1

[Event "Westerndorf St.Peter/Rosenheim"]
[Site "Westerndorf St.Peter/Rosenheim"]
[Date "2015.08.26"]
[Round "7.2"]
[White "Manakov, Ilya"]
[Black "Miller, Eduard"]
[Result "1/2-1/2"]
[WhiteElo "2340"]
[BlackElo "2207"]
[PlyCount "49"]
[EventDate "2015.??.??"]
[WhiteTeam "TV Tegernsee"]
[BlackTeam "SC Erlangen 48/88"]

1. e4 c5 2. Nf3 Nc6 3. Bb5 Nf6 4. Bxc6 dxc6 5. Nc3 Bg4 6. d3 Qc7 7. h3 Bxf3 8.
Qxf3 e5 9. Bg5 Nd7 10. O-O f6 11. Be3 Bd6 12. Ne2 Nf8 13. Qf5 Qe7 14. f4 Ne6
15. Qh5+ Qf7 16. Qxf7+ Kxf7 17. f5 Nd4 18. Nxd4 cxd4 19. a4 g5 20. fxg6+ hxg6
21. Rf3 Ke6 22. g4 c5 23. b3 b6 24. Kg2 a6 25. c4 1/2-1/2

[Event "Westerndorf St.Peter/Rosenheim"]
[Site "Westerndorf St.Peter/Rosenheim"]
[Date "2015.08.26"]
[Round "7.3"]
[White "Kleibel, Uwe"]
[Black "Baldauf, Marco"]
[Result "1/2-1/2"]
[WhiteElo "2195"]
[BlackElo "2413"]
[PlyCount "31"]
[EventDate "2015.??.??"]
[WhiteTeam "SV Röhrnbach"]
[BlackTeam "SG Pang-Rosenheim 1910"]

1. e4 c5 2. Nf3 d6 3. d4 cxd4 4. Qxd4 Nc6 5. Bb5 Bd7 6. Bxc6 Bxc6 7. Bg5 Nf6 8.
Nc3 e6 9. O-O-O Be7 10. Rhe1 O-O 11. Qd2 Qc7 12. Nd4 Rfd8 13. f4 Rab8 14. f5 e5
15. Bxf6 Bxf6 16. Nf3 1/2-1/2

[Event "Westerndorf St.Peter/Rosenheim"]
[Site "Westerndorf St.Peter/Rosenheim"]
[Date "2015.08.26"]
[Round "7.4"]
[White "Schmid, Roland"]
[Black "Dehlinger, Alexander"]
[Result "0-1"]
[WhiteElo "2326"]
[BlackElo "2258"]
[PlyCount "106"]
[EventDate "2015.??.??"]
[WhiteTeam "SG Post/Süd Regensburg"]
[BlackTeam "SC Garching 1980"]

1. d4 Nf6 2. c4 e6 3. Nf3 b6 4. g3 Ba6 5. Qc2 Bb4+ 6. Bd2 Be7 7. Bg2 c6 8. O-O
d5 9. b3 O-O 10. Bf4 Nbd7 11. Nbd2 Nh5 12. Rfd1 Nxf4 13. gxf4 Bb7 14. Ne5 Nxe5
15. dxe5 Bc5 16. Ne4 Be7 17. Rd3 Rc8 18. Rad1 Rc7 19. Rh3 g6 20. Rdd3 Rd7 21.
Qd2 f5 22. exf6 Bxf6 23. Rhg3 Bc8 24. Ng5 Re7 25. e4 e5 26. f5 d4 27. fxg6 hxg6
28. Bh3 Kg7 29. Bf5 Bxf5 30. exf5 e4 31. Ne6+ Rxe6 32. Rxg6+ Kf7 33. Rh3 Rh8
34. Rxh8 Qxh8 35. Rh6 Qg7+ 36. Rg6 Qf8 37. Qf4 Re5 38. Qg4 e3 39. fxe3 dxe3 40.
Qh5 e2 41. Rg2+ Ke7 42. Rxe2 Rxe2 43. Qxe2+ Kd7 44. Qe6+ Kc7 45. Kg2 Qe7 46.
Qxe7+ Bxe7 47. Kf3 Kd6 48. Ke4 Bf6 49. b4 c5 50. b5 Bg5 51. h3 Bf6 52. Kf4 Be7
53. Ke4 Bg5 0-1

[Event "Westerndorf St.Peter/Rosenheim"]
[Site "Westerndorf St.Peter/Rosenheim"]
[Date "2015.08.26"]
[Round "7.5"]
[White "Liepold, Stefan"]
[Black "Bilchinski, Anton"]
[Result "1-0"]
[WhiteElo "2252"]
[BlackElo "2276"]
[PlyCount "115"]
[EventDate "2015.??.??"]
[WhiteTeam "SC Erlangen 48/88"]
[BlackTeam "SK Krumbach"]

1. e4 g6 2. d4 Bg7 3. Nf3 d6 4. Bc4 a6 5. Qe2 e6 6. O-O Ne7 7. Bb3 Nd7 8. Be3
b6 9. Nbd2 Bb7 10. c3 h6 11. Ne1 O-O 12. f4 c5 13. Nef3 Nf6 14. Bf2 cxd4 15.
cxd4 Ng4 16. Bh4 Nf6 17. Kh1 Rc8 18. Rae1 Re8 19. Qd3 Qc7 20. Ng1 d5 21. e5 Ne4
22. Bxe7 Qxe7 23. Ne2 f5 24. Nxe4 fxe4 25. Qh3 Rcd8 26. g4 Bc8 27. Rc1 Rf8 28.
Rc6 Qb4 29. Qe3 Qb5 30. Rfc1 Bd7 31. Rc7 Qd3 32. R1c3 Qxe3 33. Rxe3 Bb5 34. Re7
g5 35. fxg5 Rf1+ 36. Kg2 Rdf8 37. Rxe6 R1f2+ 38. Kg3 R2f3+ 39. Rxf3 exf3 40.
Bxd5 fxe2 41. Rxh6+ Rf7 42. Bxf7+ Kxf7 43. Kf2 Bxh6 44. gxh6 Bc4 45. a3 a5 46.
g5 a4 47. h4 Kg6 48. h5+ Kh7 49. Ke1 b5 50. Kd2 Kg8 51. d5 Bxd5 52. Kxe2 Bb3
53. g6 Kf8 54. Kf3 Bd1+ 55. Kf4 Bxh5 56. Kg5 Bf3 57. Kf6 Bd5 58. e6 1-0

[Event "Westerndorf St.Peter/Rosenheim"]
[Site "Westerndorf St.Peter/Rosenheim"]
[Date "2015.08.26"]
[Round "7.6"]
[White "Knechtel, Roland"]
[Black "Golder, Waldemar"]
[Result "1-0"]
[WhiteElo "2264"]
[BlackElo "2009"]
[PlyCount "79"]
[EventDate "2015.??.??"]
[WhiteTeam "SV Röhrnbach"]
[BlackTeam "FC Ergolding 1932"]

1. d4 Nf6 2. Nf3 e6 3. Bg5 c5 4. e3 Nc6 5. c3 cxd4 6. exd4 Be7 7. Bd3 h6 8. Bf4
a6 9. Nbd2 b6 10. O-O O-O 11. Re1 Bb7 12. a4 Re8 13. Qe2 d6 14. Nc4 Rc8 15. h3
Bf8 16. Bg3 Qc7 17. Ne3 Nb8 18. Nd2 e5 19. dxe5 dxe5 20. Ndc4 Nbd7 21. Bf5 g6
22. Bb1 Qc6 23. f3 Nh5 24. Bf2 Nf4 25. Qf1 Nf6 26. Nd2 Qc7 27. Ne4 Be7 28. Ng4
Nxg4 29. hxg4 Rcd8 30. Bc2 Kg7 31. Rad1 Bd5 32. Qxa6 Bc4 33. Qxb6 Qxb6 34. Bxb6
Rxd1 35. Rxd1 Nd5 36. Bf2 Nf4 37. Nd6 Bxd6 38. Rxd6 Rb8 39. Bb6 Nd5 40. a5 1-0

[Event "Westerndorf St.Peter/Rosenheim"]
[Site "Westerndorf St.Peter/Rosenheim"]
[Date "2015.08.26"]
[Round "7.7"]
[White "Heimrath, Reiner"]
[Black "Lederle, Vitus"]
[Result "0-1"]
[WhiteElo "2213"]
[BlackElo "2215"]
[PlyCount "68"]
[EventDate "2015.??.??"]
[WhiteTeam "SC Noris-Tarrasch Nürnberg 1873"]
[BlackTeam "SC Dillingen"]

1. e4 c5 2. c3 Nf6 3. d3 d5 4. Nd2 Nc6 5. Ngf3 Bg4 6. Be2 e6 7. O-O Be7 8. Re1
Qc7 9. Qc2 O-O 10. Nf1 b5 11. Bg5 Rfd8 12. e5 Nd7 13. Bxe7 Nxe7 14. Ng5 Nxe5
15. f4 Bxe2 16. fxe5 Bxf1 17. Rxf1 Nf5 18. Rae1 h6 19. Nf3 d4 20. Rf2 Rd7 21.
Re4 Rad8 22. g4 Ne3 23. Qc1 Qb6 24. b4 cxb4 25. cxd4 Nd5 26. g5 h5 27. g6 fxg6
28. Nh4 Nc3 29. Qg5 Nxe4 30. dxe4 Qxd4 31. Nxg6 Qxe4 32. h3 Rd1+ 33. Rf1 Qd4+
34. Kg2 Qd2+ 0-1

[Event "Westerndorf St.Peter/Rosenheim"]
[Site "Westerndorf St.Peter/Rosenheim"]
[Date "2015.08.26"]
[Round "7.8"]
[White "Wisnet, Dominic"]
[Black "Nagy, Laszlo"]
[Result "1-0"]
[WhiteElo "2249"]
[BlackElo "1950"]
[PlyCount "61"]
[EventDate "2015.??.??"]
[WhiteTeam "SV Röhrnbach"]
[BlackTeam "SG Vogtareuth-Prutting"]

1. e4 c5 2. Nf3 d6 3. d4 cxd4 4. Nxd4 Nf6 5. Nc3 a6 6. Bg5 Nbd7 7. f4 e6 8. Qe2
h6 9. Bh4 Qa5 10. O-O-O Qh5 11. Nf3 Rg8 12. h3 g5 13. g4 Nxg4 14. hxg4 Qxg4 15.
fxg5 hxg5 16. Bf2 Ne5 17. Nxe5 Qxe2 18. Bxe2 dxe5 19. Bh5 b5 20. Bg3 Bg7 21. a4
b4 22. Nb1 Ra7 23. Nd2 Ke7 24. Nc4 f6 25. Be1 Rd7 26. Bxb4+ Kd8 27. Ba5+ Ke7
28. Bb4+ Kd8 29. Nb6 Rxd1+ 30. Rxd1+ Kc7 31. Nxc8 1-0

[Event "Westerndorf St.Peter/Rosenheim"]
[Site "Westerndorf St.Peter/Rosenheim"]
[Date "2015.08.26"]
[Round "7.9"]
[White "Lorenz, Mark"]
[Black "Schlichtmann, Robin"]
[Result "1-0"]
[WhiteElo "2222"]
[BlackElo "2162"]
[PlyCount "101"]
[EventDate "2015.??.??"]
[WhiteTeam "1. FC Marktleuthen"]
[BlackTeam "SK Bruckmühl"]

1. c4 g6 2. g3 Bg7 3. Bg2 c5 4. Nc3 Nc6 5. Nf3 e6 6. d3 Nge7 7. Bg5 h6 8. Bd2
O-O 9. O-O d5 10. a3 dxc4 11. dxc4 e5 12. Rb1 Be6 13. Qc1 Kh7 14. b3 Nd4 15. e3
Bf5 16. exd4 cxd4 17. Nd1 Bxb1 18. Qxb1 f5 19. Bb4 e4 20. Nd2 Re8 21. Nxe4 fxe4
22. Bxe4 Qb6 23. h4 h5 24. Bxe7 Rxe7 25. b4 Rae8 26. Bd3 Re1 27. Qc2 Qe6 28.
Rxe1 Qxe1+ 29. Kg2 Re6 30. f4 Bh6 31. Nf2 Re3 32. Bxg6+ Kg7 33. Qf5 Rxg3+ 34.
Kxg3 Qg1+ 35. Kf3 Qxg6 36. Qxg6+ Kxg6 37. Ke4 Bg7 38. Nd3 Bf6 39. Ne5+ Kg7 40.
Nf3 Kg6 41. c5 d3 42. f5+ Kf7 43. Kxd3 Bb2 44. Ke4 Kf6 45. Ne1 Ke7 46. Nd3 Bf6
47. Nf4 Bb2 48. a4 Kf7 49. b5 Bf6 50. Nxh5 Bxh4 51. Kd5 1-0

[Event "Westerndorf St.Peter/Rosenheim"]
[Site "Westerndorf St.Peter/Rosenheim"]
[Date "2015.08.26"]
[Round "7.11"]
[White "Prediger, Rupert"]
[Black "Körber, Aljoscha"]
[Result "1-0"]
[WhiteElo "2279"]
[BlackElo "1940"]
[PlyCount "99"]
[EventDate "2015.??.??"]
[WhiteTeam "SG Pang-Rosenheim 1910"]
[BlackTeam "SC Garching 1980"]

1. e4 c5 2. Nf3 d6 3. d4 cxd4 4. Nxd4 Nf6 5. Nc3 a6 6. Bc4 e6 7. Bb3 Nbd7 8.
O-O Nc5 9. Qe2 Qc7 10. Rd1 Be7 11. Bg5 h6 12. Bh4 O-O 13. Bg3 e5 14. Nf5 Bxf5
15. exf5 Nxb3 16. axb3 Rfc8 17. Bh4 b5 18. Bxf6 Bxf6 19. Qg4 Kf8 20. Rd2 Bg5
21. Re2 Qc6 22. Rd1 a5 23. h4 Be7 24. Nd5 a4 25. b4 a3 26. bxa3 Rxa3 27. Nxe7
Kxe7 28. Qxg7 Qc4 29. Red2 Rd8 30. Qxh6 Qg4 31. Qg5+ Qxg5 32. hxg5 Rc3 33. g6
fxg6 34. fxg6 Rc4 35. g7 Rg4 36. Rd5 Rxg7 37. Rxb5 Rg4 38. c3 Rc8 39. Rd3 Rc6
40. Ra5 Rgc4 41. Ra3 Ke6 42. f3 d5 43. Kf2 e4 44. fxe4 Rxe4 45. b5 Rb6 46. Ra6
Rxa6 47. bxa6 Ra4 48. Rh3 Ke5 49. Ke3 Rxa6 50. Rh5+ 1-0

[Event "Westerndorf St.Peter/Rosenheim"]
[Site "Westerndorf St.Peter/Rosenheim"]
[Date "2015.08.26"]
[Round "7.12"]
[White "Schelle, Artur"]
[Black "Schewzow, Juri"]
[Result "1-0"]
[WhiteElo "2204"]
[BlackElo "1758"]
[PlyCount "33"]
[EventDate "2015.??.??"]
[WhiteTeam "SC Tarrasch 45 München"]
[BlackTeam "SG Vogtareuth-Prutting"]

1. e4 c5 2. Nc3 Nc6 3. f4 e6 4. Nf3 d5 5. Bb5 Bd7 6. exd5 Nd4 7. dxe6 Nxe6 8.
Bc4 Nxf4 9. O-O Nf6 10. d4 Ng6 11. Ng5 cxd4 12. Bxf7+ Ke7 13. Re1+ Kd6 14. Bxg6
Kc6 15. Qf3+ Kb6 16. Nf7 Qc7 17. Qxf6+ 1-0

[Event "Westerndorf St.Peter/Rosenheim"]
[Site "Westerndorf St.Peter/Rosenheim"]
[Date "2015.08.26"]
[Round "7.13"]
[White "Oberhofer, Cédric"]
[Black "Schatz, Christian"]
[Result "1-0"]
[WhiteElo "2125"]
[BlackElo "2168"]
[PlyCount "48"]
[EventDate "2015.??.??"]
[WhiteTeam "SC Bavaria Regensburg 1881"]
[BlackTeam "TSV 1869 Rottendorf"]

1. e4 Nf6 2. e5 Nd5 3. d4 d6 4. Nf3 Bg4 5. Be2 e6 6. O-O Be7 7. c4 Nb6 8. Nc3
O-O 9. h3 Bh5 10. Be3 d5 11. cxd5 Nxd5 12. Qb3 Nb6 13. d5 exd5 14. Bxb6 axb6
15. Nxd5 Nd7 16. Rfd1 Bc5 17. g4 Bg6 18. Nf4 Qe7 19. e6 fxe6 20. Qxe6+ Rf7 21.
Bc4 Nf8 22. Qxe7 Bxe7 23. Ne5 Bd6 24. Nfxg6 Nxg6 1-0

[Event "Westerndorf St.Peter/Rosenheim"]
[Site "Westerndorf St.Peter/Rosenheim"]
[Date "2015.08.26"]
[Round "7.14"]
[White "Stadler, Alexander"]
[Black "Basener, Winfried"]
[Result "0-1"]
[WhiteElo "2079"]
[BlackElo "2148"]
[PlyCount "282"]
[EventDate "2015.??.??"]
[WhiteTeam "SV Röhrnbach"]
[BlackTeam "SC Neuhausen 1908"]

1. d4 Nf6 2. c4 c5 3. d5 d6 4. Nc3 g6 5. e4 Bg7 6. h3 O-O 7. Nf3 e6 8. Bd3 exd5
9. cxd5 Na6 10. O-O Nc7 11. a4 Rb8 12. Bf4 a6 13. a5 b5 14. axb6 Rxb6 15. Nd2
Nh5 16. Bh2 Rxb2 17. Rc1 Bxh3 18. Nc4 Qg5 19. Qf3 Bg4 20. Qe3 Qxe3 21. fxe3 Rb3
22. Bxd6 Rc8 23. Be5 Nb5 24. Bxg7 Kxg7 25. Ne5 Nxc3 26. Rc2 c4 27. Bxc4 Rxc4
28. Nxc4 Be2 29. Rfc1 Bxc4 30. Rxc3 Rxc3 31. Rxc3 Bb5 32. e5 Kf8 33. Rc8+ Ke7
34. Rc7+ Bd7 35. Ra7 Ng3 36. Rxa6 Ne4 37. Ra5 h5 38. Kh2 Nf2 39. Kg3 Nd3 40. e4
Nxe5 41. Kf4 f6 42. Ra1 g5+ 43. Ke3 h4 44. Ra8 Kf7 45. Kf2 Kg6 46. Rg8+ Kh7 47.
Ra8 Kg7 48. Ke3 Kf7 49. Kf2 Ng6 50. Ra7 Ke7 51. Ra8 g4 52. Rg8 Kf7 53. Ra8 Ne5
54. Rh8 h3 55. gxh3 gxh3 56. Kg3 Bg4 57. Ra8 Bf3 58. Ra7+ Kg6 59. Kxh3 Bxe4 60.
d6 Bc6 61. Kg3 Kf5 62. Ra1 Ke6 63. Rd1 Bd7 64. Kf4 Nc4 65. Re1+ Kxd6 66. Ra1
Ne5 67. Ra6+ Ke7 68. Rb6 Nd3+ 69. Ke3 Nc5 70. Kf3 Kf7 71. Rd6 Kg6 72. Kf4 Bf5
73. Rb6 Ne6+ 74. Kg3 Ng7 75. Ra6 Kg5 76. Ra5 Nh5+ 77. Kf3 Kg6 78. Ra7 Be6 79.
Ra6 Bc4 80. Rb6 Kg5 81. Rb4 Bd5+ 82. Kf2 f5 83. Rb8 Kf4 84. Rf8 Ng3 85. Rd8 Bf3
86. Rf8 Ne4+ 87. Kf1 Ke3 88. Kg1 f4 89. Kh2 Nd2 90. Kh3 Nf1 91. Kh4 Bg2 92. Kg4
f3 93. Re8+ Kf2 94. Rf8 Nh2+ 95. Kg5 Kg1 96. Rxf3 Nxf3+ 97. Kf4 Kf2 98. Ke4 Ke2
99. Kf4 Nd4 100. Kg3 Bf3 101. Kf4 Kd3 102. Ke5 Ke3 103. Kd6 Ne2 104. Ke5 Be4
105. Kd6 Kd4 106. Ke6 Nf4+ 107. Kf6 Nd5+ 108. Ke6 Bg6 109. Kd6 Bf5 110. Kc6 Nc3
111. Kd6 Ne4+ 112. Kc6 Kc4 113. Kb6 Kb4 114. Kc6 Be6 115. Kb6 Nf6 116. Kc6 Ne8
117. Kb6 Bd7 118. Ka6 Nc7+ 119. Kb7 Nd5 120. Ka6 Bb5+ 121. Kb7 Kc5 122. Kc8 Kd6
123. Kd8 Ba4 124. Kc8 Bb5 125. Kd8 Bc6 126. Kc8 Ke7 127. Kb8 Kd8 128. Ka7 Bb5
129. Kb7 Kd7 130. Kb8 Ba6 131. Ka7 Bc8 132. Kb8 Kd8 133. Ka8 Kc7 134. Ka7 Nc3
135. Ka8 Ba6 136. Ka7 Bc4 137. Ka8 Bd3 138. Ka7 Ne4 139. Ka8 Nd6 140. Ka7 Nc8+
141. Ka8 Be4# 0-1

[Event "Westerndorf St.Peter/Rosenheim"]
[Site "Westerndorf St.Peter/Rosenheim"]
[Date "2015.08.26"]
[Round "7.15"]
[White "Graf, Christian"]
[Black "Hinterreiter, Markus"]
[Result "0-1"]
[WhiteElo "2133"]
[BlackElo "2035"]
[PlyCount "120"]
[EventDate "2015.??.??"]
[WhiteTeam "SU Ebersberg-Grafing"]
[BlackTeam "TSV Trostberg"]

1. e4 c5 2. Nf3 Nc6 3. c3 Nf6 4. e5 Nd5 5. d4 cxd4 6. cxd4 d6 7. Bc4 dxe5 8.
Bxd5 Qxd5 9. Nc3 Qd6 10. d5 Nd4 11. Nxd4 exd4 12. Qxd4 e5 13. Qd3 Bd7 14. O-O
Qg6 15. Qxg6 hxg6 16. Re1 O-O-O 17. h3 f6 18. f4 Bc5+ 19. Be3 Bxe3+ 20. Rxe3
exf4 21. Re7 f3 22. Ne4 fxg2 23. Nf2 Rhg8 24. Rc1+ Kb8 25. Kxg2 Bc8 26. Rd1 Rd7
27. Rxd7 Bxd7 28. h4 Bf5 29. Kf3 Rh8 30. d6 Kc8 31. Rc1+ Kd7 32. Rc7+ Kxd6 33.
Rxb7 Rxh4 34. Rxa7 Rb4 35. b3 Bd7 36. Ne4+ Kc6 37. Ra6+ Rb6 38. Ra7 g5 39. Nc5
Bf5 40. Na4 Rb7 41. Rxb7 Kxb7 42. Nc3 Kc6 43. b4 Bd3 44. a4 f5 45. Ke3 Bf1 46.
Ne2 Bxe2 47. Kxe2 Kb6 48. Ke3 g4 49. a5+ Kb5 50. Kf4 g6 51. Kg3 g5 52. Kf2 f4
53. Kg2 g3 54. Kf3 g4+ 55. Kg2 Ka6 56. Kg1 f3 57. Kf1 g2+ 58. Kg1 g3 59. b5+
Kxa5 60. b6 f2+ 0-1

[Event "Westerndorf St.Peter/Rosenheim"]
[Site "Westerndorf St.Peter/Rosenheim"]
[Date "2015.08.26"]
[Round "7.16"]
[White "Herrmann, Michael"]
[Black "Kolb, Wolfgang"]
[Result "1-0"]
[WhiteElo "2095"]
[BlackElo "2067"]
[PlyCount "97"]
[EventDate "2015.??.??"]
[WhiteTeam "SK Freilassing"]
[BlackTeam "SK Königsbrunn"]

1. c4 e5 2. g3 Nc6 3. Bg2 g6 4. Nc3 Bg7 5. d3 d6 6. e4 f5 7. Nge2 Nf6 8. h3 Be6
9. Nd5 fxe4 10. dxe4 O-O 11. Be3 Qd7 12. Qd2 a5 13. g4 Nd8 14. f4 exf4 15.
Nexf4 Bxd5 16. exd5 Re8 17. O-O Qe7 18. Rae1 Nd7 19. Nxg6 hxg6 20. Bg5 Bd4+ 21.
Kh1 Qxe1 22. Rxe1 Rxe1+ 23. Qxe1 Nf7 24. Qe4 Nde5 25. Qxd4 Nxg5 26. h4 Nh7 27.
g5 b6 28. Kh2 Rf8 29. Kg3 Rf5 30. Qe4 Kg7 31. Bh3 Rf7 32. Be6 Rf1 33. b3 Rf8
34. Qe2 Re8 35. a3 Re7 36. b4 axb4 37. axb4 Nf8 38. Bg4 Nfd7 39. h5 gxh5 40.
Bxd7 Rxd7 41. Qxh5 Rf7 42. Qh6+ Kg8 43. Qe6 Kg7 44. c5 bxc5 45. bxc5 Nc4 46. g6
Rf1 47. Qe7+ Kh6 48. Qh7+ Kg5 49. g7 1-0

[Event "Westerndorf St.Peter/Rosenheim"]
[Site "Westerndorf St.Peter/Rosenheim"]
[Date "2015.08.26"]
[Round "7.17"]
[White "Kretschel, Klaus"]
[Black "Häußler, Phillip"]
[Result "0-1"]
[WhiteElo "2029"]
[BlackElo "2105"]
[PlyCount "119"]
[EventDate "2015.??.??"]
[WhiteTeam "TuS Fürstenfeldbruck"]
[BlackTeam "SK Bad Aibling"]

1. Nf3 e6 2. c4 f5 3. g3 b6 4. Bg2 Bb7 5. d4 Bb4+ 6. Nc3 Bxc3+ 7. bxc3 Nf6 8.
O-O O-O 9. Qb3 Nc6 10. a4 Na5 11. Qa2 Ne4 12. Bb2 Ba6 13. Ba3 Bxc4 14. Qc2 Re8
15. Rab1 Bd5 16. Ne5 d6 17. Nd3 Nc4 18. Bc1 Nf6 19. f3 Qd7 20. Nf2 Bc6 21. Ra1
d5 22. Nd3 e5 23. dxe5 Nxe5 24. Nxe5 Rxe5 25. Bf4 Re7 26. Bh3 g6 27. Rfd1 Qe8
28. Bf1 Qf7 29. Qd2 a5 30. Bg5 Rd7 31. Qd4 Ne8 32. g4 Nd6 33. Bh3 Re8 34. Kf2
fxg4 35. Qxg4 Ne4+ 36. Kf1 Nxg5 37. Qxg5 Rde7 38. Rd2 d4 39. Rxd4 Bxf3 40. Rf4
Bxe2+ 41. Kg1 Re5 42. Qg3 Qe7 43. Bg2 Ba6 44. h4 Re1+ 45. Rxe1 Qxe1+ 46. Qxe1
Rxe1+ 47. Kf2 Re2+ 48. Kg1 Re5 49. c4 Kg7 50. Bd5 Re7 51. Kf2 Bc8 52. Kg3 Bd7
53. c5 bxc5 54. Rc4 Re5 55. Rxc5 c6 56. Rxa5 Rxd5 57. Ra7 Kf7 58. a5 Ke7 59. a6
Ra5 60. Rxd7+ 0-1

[Event "Westerndorf St.Peter/Rosenheim"]
[Site "Westerndorf St.Peter/Rosenheim"]
[Date "2015.08.27"]
[Round "8.1"]
[White "Knoblauch, Leonhard"]
[Black "Liepold, Stefan"]
[Result "0-1"]
[WhiteElo "2136"]
[BlackElo "2252"]
[PlyCount "46"]
[EventDate "2015.??.??"]
[WhiteTeam "SV Ilmmünster"]
[BlackTeam "SC Erlangen 48/88"]

1. e4 e6 2. d4 d5 3. Nc3 Nf6 4. e5 Nfd7 5. f4 c5 6. Nf3 Nc6 7. Be3 cxd4 8. Nxd4
Bc5 9. Qd2 O-O 10. O-O-O a6 11. Qf2 Qc7 12. Bd3 Nxd4 13. Bxd4 Bxd4 14. Qxd4 b5
15. Rhe1 Qc5 16. Ne2 b4 17. f5 Qxd4 18. Nxd4 Nc5 19. Re3 exf5 20. Bxf5 g6 21.
Bxc8 Raxc8 22. e6 fxe6 23. Rde1 Rf2 0-1